| 000 | 00756nam a2200205Ii 4500 | ||
|---|---|---|---|
| 003 | JO-AjNU | ||
| 008 | 230605s9999||||xx |||||||||||||| ||und|| | ||
| 017 | _a1977/4898 | ||
| 040 |
_aJO-AjNU _bara _erda _cJO-AjNU |
||
| 041 | _aara | ||
| 050 | 1 | 4 | _aDS36.8.N8 1977 |
| 100 | 3 |
_aتاليف نور، محمد عبد المنعم, _eauthor _936175 |
|
| 245 | 0 | 0 | _aالمفكرون والمجتمع: دراسة أساسية في تطوير الفكر الاجتماعي |
| 264 | 3 | 1 | _aالقاهرة: دار المعرفة، 1977 |
| 300 | _a141س | ||
| 336 |
_atext _btxt _2rdacontent |
||
| 337 |
_aunmediated _bn _2rdamedia |
||
| 338 |
_avolume _bnc _2rdacarrier |
||
| 650 | 4 |
_aالعلماء والمجتمع-المدارس الفكرية -تاريخ _936176 |
|
| 999 |
_aA15005 _c18573 _d18573 |
||